[Event "SVK-chT2W 9900"]
[Site "Slovakia"]
[Date "1999.??.??"]
[Round "3.7"]
[White "Bilovsky, Milan"]
[Black "Makuch, Martin"]
[Result "0-1"]
[WhiteElo "1846"]
[BlackElo "2064"]
[PlyCount "90"]
[EventDate "1999.11.06"]
[EventType "team"]
[EventRounds "9"]
[EventCountry "SVK"]
[SourceTitle "EXT 2005"]
[Source "ChessBase"]
[SourceDate "2004.11.15"]
[SourceVersion "1"]
[SourceVersionDate "2004.11.15"]
[SourceQuality "1"]

1. c4 f5 2. d4 Nf6 3. Nc3 e6 4. g3 Be7 5. Bg2 d5 6. b3 c6 7. Bd2 0-0 8. e3 Nbd7 9. Nf3 Ne4 10. 0-0 Bd6 11. c5 Bc7 12. b4 Rf6 13. a4 Rh6 14. Be1 g5 15. h3 Kh8 16. Nxe4 dxe4 17. Nh2 Nf6 18. f4 Nd5 19. Qe2 Bd7 20. Rb1 Rg6 21. Kh1 Kg7 22. Bf2 Nc3 23. Qb2 Nxb1 24. Rxb1 Kf7 25. b5 Qg8 26. Bf1 Qg7 27. Bc4 Rg8 28. b6 axb6 29. cxb6 Bd6 30. Qd2 gxf4 31. exf4 Rxg3 32. Bxg3 Qxg3 33. a5 Bxf4 34. Qe2 Qxh3 35. Rg1 Bxh2 36. Qxh2 Rxg1+ 37. Kxg1 Qxh2+ 38. Kxh2 Bc8 39. Kg3 Ke7 40. Kf4 Kd6 41. Be2 Kd5 42. Ke3 c5 43. dxc5 Kxc5 44. Kf4 Kb4 45. Ke5 Kxa5 0-1